Văn học nước ngoài
Guardado en:
| Formato: | Libro |
|---|---|
| Etiquetas: |
Agregar Etiqueta
Sin Etiquetas, Sea el primero en etiquetar este registro!
|
| Thư viện lưu trữ: | Mạng thư viện Đại học Đà Nẵng |
|---|
| LEADER | 01026nam a2200205 4500 | ||
|---|---|---|---|
| 001 | 000004340 | ||
| 003 | 478 | ||
| 005 | 20150812140843.0 | ||
| 008 | 110719s sd | ||
| 245 | 0 | 0 | |a Văn học nước ngoài |
| 774 | |d Nghệ An |d Trường Cao đẳng Sư phạm Nghệ An |d 1994 |g Phần 2 |h 174 tr. |n Viết theo kế hoạch của hội đồng hợp tác biên soạn, xuất bản các giáo trình của trường cao đẳng sư phạm |t Văn học các nước phương Tây |w 479 | ||
| 774 | |d Nghệ An |d Trường Cao đẳng Sư phạm Nghệ An |d 1994 |g Phần 3 |h 151 tr. |n Viết theo kế hoạch của hội đồng hợp tác biên soạn, xuất bản các giáo trình của trường cao đẳng sư phạm |t Văn học Nga - Xô Viết và văn học phương Tây hiện đại |w 480 | ||
| OWN | |a LSP | ||
| 999 | |a From the UDN01 | ||
| TYP | |a Monograph | ||
| TYP | |a Printed language | ||
| 980 | |a Mạng thư viện Đại học Đà Nẵng | ||